Sysdata und Bürotechnik Erweiterte Management-Ausgabe
Salvato in:
| Natura: | Periodico |
|---|---|
| Lingua: | tedesco |
| Pubblicazione: |
Zürich
Binkert
|
| Tags: |
Nessun Tag, puoi essere il primo ad aggiungerne!!
|
MARC
| LEADER | 00000nas1a22000001 4500 | ||
|---|---|---|---|
| 001 | s123645 | ||
| 005 | 20230524132834.6 | ||
| 041 | 0 | |a ger | |
| 044 | |a CH | ||
| 245 | 1 | 0 | |a Sysdata und Bürotechnik |b Erweiterte Management-Ausgabe |
| 264 | 1 | |a Zürich |b Binkert | |